[Event "RUS-ch 56th"]
[Site "Krasnoyarsk"]
[Date "2003.09.12"]
[Round "9"]
[White "Gleizerov, Evgeny"]
[Black "Tregubov, Pavel V"]
[Result "1/2-1/2"]
[WhiteElo "2565"]
[BlackElo "2635"]
[Annotator "Stohl,I"]
[PlyCount "88"]
[EventDate "2003.09.03"]
[EventType "swiss"]
[EventRounds "9"]
[EventCountry "RUS"]
[SourceTitle "CBM 098"]
[Source "ChessBase"]
[SourceDate "2004.02.03"]
[SourceVersion "1"]
[SourceVersionDate "2004.02.03"]
[SourceQuality "1"]

1. d4 Nf6 2. c4 c5 3. d5 b5 4. cxb5 a6 5. b6 e6 6. Nc3 Nxd5 7. Nxd5 exd5 8.
Qxd5 Nc6 9. Nf3 (9. e4 Be7 10. Bc4 O-O 11. Nf3 Bb7 (11... Rb8 $142 $1 {-9.Nf3
transposes into the game.}) 12. Qf5 Qxb6 13. O-O d6 14. Bd2 Bc8 15. Qh5 Be6 16.
Bxe6 fxe6 17. Qh3 $1 e5 18. Qe6+ Kh8 19. Bc3 Rf6 20. Qd5 Raf8 21. Nd2 Rg6 22.
Nc4 Qc7 23. Rad1 Nd8 24. f4 exf4 25. e5 dxe5 26. Bxe5 Qc6 27. Rxf4 $14 {
[%csl Ra6,Rc5] /+/-,׫,Salov,V-Lautier,J/Enghien-les-Bains/1999/}) 9... Rb8 10.
e4 (10. Bd2 Rxb6 11. e4 Be7 12. Bc4 O-O 13. O-O d6 (13... Rxb2 $5 $13) 14. Bc3
Be6 15. Qd3 Nb4 16. Qe2 Bxc4 17. Qxc4 d5 18. exd5 Qxd5 19. Ne5 Re6 20. Rfd1
Qxc4 21. Nxc4 Re8 22. g3 $14 {Sasikiran,K-Ghaem Maghami,E/Kelamabakkam/2000/})
10... Be7 11. Bc4 O-O 12. Qh5 (12. O-O Rxb6 13. b3 d6 14. Bf4 Be6 15. Qd3 Bxc4
16. Qxc4 Bf6 17. Rad1 Nd4 18. Nd2 Bg5 19. Bxg5 Qxg5 20. Rfe1 h6 21. Qd5 Qxd5
22. exd5 {Jobava,B-Tregubov,P/EU-ch Ohrid/2001/} Rb7 $132 {/=}) 12... d6 (12...
Qxb6 $146 {Not a very impressive novelty, as Black's Q is better placed on d8.}
13. O-O d6 14. Bg5 Qc7 15. b3 a5 16. Rad1 Be6 17. Bxe6 fxe6 18. Qg4 Nd8 19. Rd3
Bxg5 20. Nxg5 $36 h6 $2 (20... Qe7 21. Rfd1 h6 22. Nh3 Nf7 23. Nf4 $14) 21.
Nxe6 Nxe6 (21... Qd7 22. Rxd6 $1 $18) 22. Qxe6+ Qf7 23. Rxd6 $18 {Gleizerov,
E-Lependin,A/RUS-ch Krasnoyarsk/2003/}) 13. O-O Rxb6 14. b3 {Apart from this
natural move White has in practice used 2 different alternatives, but in both
cases Black is holding his own:} (14. Rd1 Be6 $1 15. Bxe6 fxe6 16. Qg4 Qc8 {
In the abovementioned game Salov-Lautier Black didn't have this important move.
} 17. Bd2 e5 18. Qxc8 Rxc8 19. Bc3 Nd4 20. Nd2 c4 21. Rab1 Kf7 22. g3 Ne2+ 23.
Kf1 Nxc3 24. bxc3 Bd8 25. Ke2 Ke6 26. Nf1 Rcb8 27. Rxb6 Rxb6 28. Ne3 Rb2+ 29.
Rd2 Rxd2+ 30. Kxd2 Bg5 $11 {Vyzmanavin,A-Khalifman,A/Novosibirsk/1995/}) (14.
Ng5 Bxg5 15. Bxg5 Qe8 16. Bf4 (16. b3 Be6 17. Bxe6 Qxe6 18. Rfe1 {Kuzubov,
Y-Nepomniachtchi,I/WchJ U12 Heraklio/2002/} f5 $1 $15) 16... Nd4 (16... Be6 $5
17. Bd3 c4 18. Bb1 Ne5 19. Qd1 Qb8 20. Bd2 Rxb2 21. Bc3 Rb5 22. f4 Nc6 23. f5
Bd7 {Milanovic,D-Vuckovic,B/Belgrade/2001/} 24. f6 $44) 17. Rae1 Be6 18. Bd3 f6
19. Qh4 {Lautier,J-Richter,W/BL2W 9798/1998/} Qg6 $1 20. Re3 Qg4 $11 {Lautier})
14... Be6 (14... Bf6 15. Ng5 $14 {loses a whole tempo.}) 15. Bxe6 fxe6 16. Qg4
{Natural enough, but also interesting is} (16. Be3 Bf6 17. Rac1 Qe8 (17... Rb4
$142 18. Qg4 Qe7 $132) 18. Qxe8 Rxe8 19. Rfd1 Nb4 $6 20. Rd2 a5 21. e5 $1 $16 {
Mikhalevski,V-Wiersma,E/Dieren/1999/}) 16... Qc8 (16... Qd7 17. Bb2 Bf6 18.
Bxf6 Rxf6 19. Rad1 Qe7 20. Qg3 e5 21. Rd5 Rb8 22. Nh4 Nd4 23. Qd3 Qb7 24. Qc4
Kh8 25. Nf5 Rxf5 $1 26. exf5 Qc6 27. a3 Ne2+ 28. Kh1 Nf4 29. Rfd1 Rf8 30. f3
Nxd5 31. Rxd5 Rxf5 32. Qd3 Rf6 33. Rxe5 h6 $11 {Delemarre,J-Foukakis,T/EU-chJ
Hania/1994/}) 17. Bb2 Bf6 (17... e5 18. Qxc8 Rxc8 19. Nd2 Nd4 20. Nc4 {
Contrary to the abovequoted game Vyzhmanavin-Khalifman White firmly controls
c4 and this in connection with >> play (f4) gives him an advantage.} Rbc6 21.
g3 Bf6 22. Kg2 Kf7 23. f4 $1 Ke7 24. Rf2 Ra8 25. fxe5 dxe5 26. Bc3 Ke6 27. Raf1
Rd8 28. Ba5 Rd7 29. Nb6 Rdd6 30. Nd5 $16 {Giorgadze,G-Waitzkin,J/Pula/1997/})
18. Bxf6 (18. e5 dxe5 19. Rae1 Rb4 20. Qg3 e4 21. Bxf6 Rxf6 22. Nd2 Rg6 23. Qc3
Rd4 24. Nxe4 Rd5 25. Nxc5 Nd4 26. b4 a5 27. a3 Qc6 28. f3 Nb5 29. Qe3 Nxa3 30.
Qxa3 axb4 31. Qxb4 Qxc5+ 32. Qxc5 Rxc5 $11 {1/2,Bagirov,R-Vuckovic,B/Istanbul
olm/2000/}) 18... Rxf6 19. Nd2 (19. Rad1 Rg6 20. Qh5 Rh6 21. Qg5 Rg6 22. Qh5
Rh6 23. Qg5 Rg6 {1/2,Alekseev,E-Evdokimov,A/Oropesa del Mar WchJ U14/1998/})
19... Qf8 $5 $146 {[%csl Rd6][%cal Gf8f1][%mdl 8] A serious improvement of
Black's play. Tregubov protects the ><d6 and prepares <=> on the <->f.} (19...
Rg6 20. Qh3 Rh6 21. Qd3 d5 $6 (21... Nd4 $142 $14 {/~~<=>}) 22. exd5 Nb4 23.
Qc3 Nxd5 24. Qe5 Rb4 25. Nc4 Nb6 26. Nxb6 Rxb6 27. Rac1 Rc6 28. Rfd1 $16 {
[%csl Ra6,Rc5,Re6] ק,Dreev,A-Bellon Lopez,J/SWE-chT/2003/}) 20. Nc4 Rb7 (20...
Rb4 $5 {[%cal Rd6d5,Ra6a4] /\d5,a5-a4|^}) 21. f4 (21. e5 Rg6 $1 22. Qh5 d5 23.
Nd6 Rb4 $17) 21... Rbf7 (21... d5 22. Ne5 Qe8 $11 (22... Nd4 $5 $13)) 22. g3 d5
{[%mdl 2048] All Black's forces are active and well coordinated and it's White,
who must be careful not to get into trouble.} 23. Nd2 (23. exd5 exd5 24. Ne3
Rd6 25. Rac1 Qe8 $15) 23... Nd4 24. Rae1 (24. Rac1 a5 {[%cal Ra5a4] /\a4|^})
24... c4 ({Black decides to force the pace of the game, but the patient} 24...
a5 $5 $15 {seems quite promising.}) 25. exd5 (25. bxc4 Qb4 $36) 25... exd5 26.
bxc4 dxc4 (26... Qb4 $2 27. Rf2 dxc4 28. Qc8+ $16) 27. Ne4 {White decides to
maintain the tension, but now the o^c4 will become dangerous.} (27. Nxc4 $5 Qc5
28. Re8+ Rf8 29. Rxf8+ Rxf8 30. Ne5 (30. Nb2 Qa3 $36) 30... Nc6+ 31. Kg2 Nxe5 (
31... Qd5+ 32. Qf3 Qxa2+ 33. Rf2 Nxe5 34. Rxa2 $11) 32. fxe5 Qd5+ 33. Kg1 $11)
27... Rc6 28. Ng5 Re7 29. Qd1 (29. Nxh7 Qe8 $1 30. Rxe7 Qxe7 31. Ng5 c3 $44)
29... Rd7 30. Re4 h6 (30... Rd8 $5 31. Qb1 (31. Rxd4 Qc5 $15) 31... Rg6 (31...
Rb8 32. Qd1 Rd8 $11) 32. Rd1 Rxg5 33. Rdxd4 (33. fxg5 Nf3+ 34. Kg2 Rd2+ 35.
Rxd2 Nxd2 36. Qd1 Qa8 $1 $17) 33... Qc5 $15) 31. Ne6 (31. Rxd4 Qc5 32. Nf3 Rcd6
$15 {[%csl Gc4] o^c4}) 31... Rxe6 $6 (31... Qe7 $5 32. Rxd4 Rxd4 33. Nxd4 (33.
Qxd4 Qxe6 34. f5 $11) 33... Qe3+ 34. Kg2 Rd6 35. Re1 $11) 32. Rxe6 Qc5 33. Re8+
(33. Rf2 $5 {/\} c3 34. Re8+ Kf7 35. Re5 $40) 33... Kf7 34. Re3 $8 c3 $44 35.
f5 {[%cal Rd1h5] /\Qh5+-} Rd8 36. Kg2 (36. Kh1 $142 Qd5+ (36... c2 37. Qh5+ Kf8
38. Ree1 Qc6+ 39. Kg1 $14) 37. Kg1 Qc5 $11) (36. Qh5+ Kf8 (36... Kg8 $2 37.
Re8+ Rxe8 38. Qxe8+ Kh7 39. Qg6+ Kg8 40. f6 $18) 37. Qh4 Rc8 $5 (37... Nf3+ 38.
Rfxf3 Re8 39. f6 $11) 38. Kh1 c2 39. Rc1 Nxf5 40. Rf3 Kg8 $36) 36... Nc2 $1 37.
Qxc2 (37. Qh5+ $6 Kf8 $17) 37... Qxe3 38. Qb3+ Kf6 {Black stops any further
advance of the Pf5, but exposes his K, which in turn allows White to force a
draw.} (38... Kf8 $142 $5 $36 {[%csl Gc3] o^c3,/\} 39. f6 Qd2+ 40. Kh3 (40. Rf2
Qd5+ 41. Qxd5 Rxd5 42. fxg7+ Kxg7 $17) 40... Qd7+ 41. Kg2 Qc6+) 39. Rf3 $1 Qe5
(39... Rd2+ 40. Kh3 Qe2 (40... Qxf3 $4 41. Qe6+ Kg5 42. Qg6#) 41. Qxc3+ Kf7 42.
Qb3+ Kf8 43. Qb8+ $11) (39... Qe2+ 40. Kh3 (40. Rf2 Qe4+ $15) 40... c2 41. Qb6+
Kf7 42. Qc7+ Ke8 43. f6 gxf6 44. Qc6+ Rd7 45. Rc3 $11) 40. Qxc3 $11 {White
finally gets rid of the nagging o^ and liquidates into a drawn R_|_.} Qxc3 41.
Rxc3 Rd2+ 42. Kf3 Rxa2 (42... Rxh2 43. Ra3 Kxf5 44. Ra5+ $11) 43. g4 Rxh2 44.
Rc6+ Kf7 (44... Kf7 45. Rxa6 $11) 1/2-1/2

[Event "FIDE World Cup"]
[Site "Khanty-Mansiysk"]
[Date "2005.11.30"]
[Round "2.1"]
[White "Cheparinov, Ivan"]
[Black "Ivanchuk, Vassily"]
[Result "1-0"]
[WhiteElo "2618"]
[BlackElo "2748"]
[Annotator "Stohl,I"]
[PlyCount "87"]
[EventDate "2005.11.27"]
[EventType "k.o."]
[EventRounds "7"]
[EventCountry "RUS"]
[SourceTitle "CBM 111"]
[Source "ChessBase"]
[SourceDate "2006.04.04"]
[SourceVersion "1"]
[SourceVersionDate "2006.04.04"]
[SourceQuality "1"]

1. d4 Nf6 2. c4 c5 3. d5 b5 4. cxb5 a6 5. b6 d6 (5... e6 {is rather more
popular nowadays - it leads to more lively positions.}) 6. Nc3 Nbd7 7. a4 a5 {
Black doesn't let White gain () on the << to slow down his play. The text-move
is the most usual continuation, but perhaps deserving attention is the
less-tested alternative} (7... Qxb6 8. a5 Qb4 9. Ra4 Qb7 10. e4 g5 $5 11. Bxg5
Qxb2 12. Bd2 Rb8 13. f4 Bg7 14. Bc4 Ng4 15. Nge2 Bd4 $13 16. Ra2 Qb4 17. Ra4
Qb2 18. Ra2 Qb4 19. Ra4 {1/2,Volzhin,A-Conquest,S/Hastings/1993/}) 8. e4 g6 9.
Nf3 Bg7 10. Be2 {Cheparinov leaves b5 free for his N, but White more often
plays} (10. Bb5 O-O 11. O-O Nxb6 12. Re1 Ne8 13. Bf4 f6 (13... Ba6 14. e5 $5
Bxb5 15. axb5 Nc7 $132) 14. Nd2 (14. h4 $5 $14) 14... Nc7 15. Bc6 Rb8 16. Nb3
Nc4 17. Nb5 Na6 18. Qe2 Ne5 19. Bxe5 fxe5 20. Nd2 Nb4 21. Nc4 Ba6 22. Ra3 Rc8
23. Na7 Rc7 24. Nb5 Nxc6 (24... Rc8 $11) 25. dxc6 Rxc6 26. Qd2 Qd7 27. Rb3 $44
{Sokolov,I-Ponomariov,R/Hastings/1999/}) 10... O-O 11. O-O Qxb6 ({Black often
plays} 11... Nxb6 {, but the character of the position remains similar. White
first tries to "cement" the << and then turn his attention to the opposite
flank.} 12. Bf4 {Aimed to prevent [+]<=>} (12. Bg5 h6 13. Be3 e6 $5 14. dxe6
Bxe6 15. Nd2 Qe7 16. Qc1 Rfc8 17. Bf3 Nfd7 18. Be2 Ne5 19. Nf3 Nxf3+ 20. Bxf3
Kh7 21. Rd1 Rab8 22. Bf4 Nc4 23. Be2 Nxb2 24. Rxd6 Rb3 25. e5 Rxc3 26. Qxc3
Qxd6 27. Qxb2 Qd4 $15 {Kobylkin,E-Tseshkovsky,V/Krasnodar/2002/}) 12... Nh5 (
12... Bg4 $6 13. h3 Bxf3 14. Bxf3 Nfd7 15. Rb1 c4 16. Be3 Qc8 17. Qc2 Rb8 18.
Nb5 Rb7 19. Bg4 h5 20. Bxd7 Nxd7 21. Rfc1 Ne5 22. b3 $16 {Nielsen,
P-Tseshkovsky,V/Hastings/2002/}) (12... Ne8 13. Qd2 Bg4 14. Rfe1 Nc7 15. h3
Bxf3 16. Bxf3 Nc4 17. Qc2 Na6 18. Nb5 Ne5 19. Be2 Nb4 20. Qd2 Qd7 21. Bg3 Qb7
22. Rad1 Kh8 23. f4 Nd7 24. Bc4 Nb6 25. b3 Rad8 26. Bh4 Rd7 27. f5 $36 {
Shaked,T-Shirov,A/Tilburg/1997/ Especially this second example is very similar
to our game, exchanging the Bc8 for the N makes it difficult to get effective
<=>.}) 13. Bg5 Ba6 14. Bxa6 Rxa6 15. Nd2 Ra7 16. Rc1 Rb7 17. b3 f5 $5 18. g4
fxg4 19. Qxg4 Qd7 20. f3 Bd4+ 21. Kg2 Qxg4+ 22. fxg4 Rxf1 23. Kxf1 Nf6 $14 {
/<=>,Gleizerov,E-Sadatnajafi,M/Dubai op/2003/}) 12. Nd2 Ba6 (12... Ne8 13. Nc4
Qd8 14. Bg5 h6 15. Bd2 Nb6 16. Qc1 Kh7 17. Nb5 Nxc4 18. Bxc4 Nc7 19. Bc3 Bxc3
20. Qxc3 (20. bxc3 $142 $36) 20... Nxb5 21. axb5 Bd7 {Demasi,J-Bernard,I/Isla
Margarita/1998/} 22. Ra3 Qb6 23. Rfa1 a4 $11) 13. Nb5 $1 {[%mdl 4] This move
is in keeping with White's general plan.} (13. Kh1 Bxe2 14. Qxe2 Rfb8 15. f4
Qa6 16. Qf3 Rb7 17. Rb1 Ne8 18. Nb5 Nc7 19. Nxc7 Rxc7 20. b3 Rb8 21. Bb2 Bxb2
22. Rxb2 {Nakamura,R-Ali,G/Moscow olm/1994/} Rb4 $132) 13... Rfb8 $146 (13...
Ne5 14. Kh1 c4 15. f4 Nd3 16. Nxc4 Nf2+ 17. Rxf2 Qxf2 18. Be3 Qh4 19. Bf3 h5
20. g3 Qh3 21. Bg2 Qg4 22. Qf1 Qd7 23. Nb6 $16 {Alonso Gonzalez,A-Munoz,M/
Asturias/1995/}) (13... Ne8 14. Nc4 Qd8 15. Bd2 $16) 14. Qc2 Qd8 15. Nc4 Nb6
16. Nca3 $5 (16. Nxb6 Qxb6 {[%cal Yf6e8,Ye8c7,Ye7e6] /\e6,Ne8-c7<=>}) 16... Ne8
(16... e6 17. dxe6 fxe6 18. Bf4 Ne8 19. Nc4 $5 $36 {[%csl Rd6,Re6] ק}) 17. Rb1
Nc7 18. b3 $14 Bxb5 $6 {As we have indicated above, Black should be very
careful about giving White control over the light squares.} (18... Nxb5 $142
19. Nxb5 e6 $5 $14) 19. Nxb5 Na6 20. Bg5 Nb4 21. Qd2 Qd7 22. f4 Rb7 23. f5 $1
$40 {[%mdl 128] As in Shaked-Shirov, White stops any e6 ideas and starts
playing for a >>->.} Qe8 24. Rf3 Nd7 25. Rbf1 {While the Nb5 holds the <<,
White methodically concentrates the rest of his pieces against Black's K.} Be5
26. Rh3 (26. Bh6 $40 {[%cal Rf5g6] /\fg6}) 26... f6 27. Be3 {This allows Black
to put up a (at least temporary) blockade.} (27. fxg6 $5 Qxg6 (27... fxg5 28.
Bg4 $1 $40) 28. Rf5 $40) 27... g5 $5 28. g4 (28. Rh5 $1 Qf7 29. h4 $16) 28...
Rc8 29. Bc4 Bd4 $2 {Black wants to activate his Nd7 even at the cost of a P,
but he allows a powerful sacrificial blow.} (29... Qf7 $142 {[%cal Yg8e8] /
\Kf8-e8}) 30. Nxd4 cxd4 31. Bxg5 $1 {[%csl Rg8][%mdl 512] The most energetic
move, Cheparinov tears up Black's >>.} ({The mundane} 31. Bxd4 $16 {/\ is also
quite good:} Nc5 32. Rh5 Nxe4 33. Qe3 Nc5 34. Rxg5+ $18) 31... Ne5 (31... fxg5
32. Qxg5+ Kh8 33. Rxh7+ $1 Kxh7 34. Rf3 $18) 32. Bh6 d3 {Black's major pieces
are too far from the >> to help out the defence.} (32... Nxc4 33. bxc4 Rxc4 (
33... Qxa4 34. g5 Qc2 35. Qf4 $18) 34. Bg7 $1 Qf7 (34... Kxg7 35. Qh6+ Kf7 36.
Qxh7+ Kf8 37. Qh8+ Kf7 38. Rh7#) (34... e5 35. Bxf6 $18) 35. Rxh7 Qxg7 $8 36.
Rxg7+ Kxg7 37. g5 d3 38. Qg2 $18 {->}) 33. g5 Qf7 34. Rg3 Kh8 35. g6 $1 $18
hxg6 (35... Qe8 36. Rh3 {[%cal Rh6g7] /\Bg7+-} (36. gxh7 $18)) 36. fxg6 Nxg6
37. Rf5 Ne5 (37... Rg8 38. Rh5 Qh7 39. Qd1 $1 $18) 38. Bf8 (38. Bg7+ {-39.Bg7})
38... Qh7 39. Bg7+ Qxg7 (39... Kg8 40. Bxf6+ Ng6 41. Rxg6+ Qxg6+ 42. Rg5 $18)
40. Rh5+ Kg8 41. Rxg7+ Kxg7 42. Qh6+ Kf7 43. Qh7+ Ke8 44. Qf5 {[%cal Rf5c8,
Rh5h8] /\Rh8,Qc8} 1-0

[Event "EU-chT (Men) 12th"]
[Site "Batumi"]
[Date "1999.12.04"]
[Round "6.2"]
[White "Kacheishvili, Giorgi"]
[Black "Salmensuu, Olli"]
[Result "1-0"]
[WhiteElo "2577"]
[BlackElo "2443"]
[Annotator "Stohl,I"]
[PlyCount "61"]
[EventDate "1999.11.06"]
[EventType "team-swiss"]
[EventRounds "9"]
[EventCountry "GEO"]
[SourceTitle "CBM 074"]
[Source "ChessBase"]
[SourceDate "2000.02.01"]
[SourceVersion "1"]
[SourceVersionDate "2000.02.01"]
[SourceQuality "1"]
[WhiteTeam "Georgia"]
[BlackTeam "Finland"]
[WhiteTeamCountry "GEO"]
[BlackTeamCountry "FIN"]

1. d4 Nf6 2. c4 c5 3. d5 b5 4. cxb5 a6 5. b6 e6 6. Nc3 Bb7 $5 ({The usual
continuation is} 6... Nxd5 7. Nxd5 exd5 8. Qxd5 Nc6) 7. e4 exd5 (7... Qxb6 $143
8. Nf3 Be7 9. Ne5 $5 Qc7 10. Nc4 Nxe4 11. Nxe4 exd5 12. Qg4 dxe4 13. Bf4 Qc6
14. Qxg7 Rf8 15. Qg3 d5 16. Nd6+ Kd7 17. Nxb7 Qxb7 18. O-O-O d4 19. f3 $44 {
Fedorowicz,J-Ocampo,R/Mexico/1991/}) 8. exd5 d6 9. a4 a5 {To attack the Pd5
later on Black needs the b6-square.} (9... Qxb6 $143 $6 10. a5 Qc7 11. Bc4 Be7
12. Nge2 O-O 13. O-O Nbd7 14. f4 Qd8 15. Qd3 Ne8 16. g4 Nc7 17. Bd2 Re8 18. g5
Bf8 19. h4 Rb8 20. Ng3 Bc8 21. b3 g6 22. Nce4 f5 23. gxf6 Nxf6 24. Ng5 $16 {
Knaak,R-Mainka,R/GER-CupT/1991/}) 10. Nge2 $5 $146 {[%mdl 8] An interesting
idea, White doesn't want to define the position of his Bf1 yet and proceeds
with his attacking ideas, similar to Rogozenko-Milu below. It was probably
also a surprise for Black, who has had some success with 6...Bb7!? lately.} (
10. Bb5+ Nbd7 11. Nge2 Be7 12. O-O O-O 13. Ng3 (13. Nf4 Nxb6 14. Re1 Ne8 15.
Ra3 Nc7 16. Bc6 Rb8 17. Rb3 Bc8 18. Ne4 Na6 19. Rbe3 Nc4 20. R3e2 Ne5 21. b3
Bg4 22. f3 Bd7 23. Bxd7 Qxd7 24. Bb2 Bh4 25. Nf2 Qf5 26. Bxe5 Bxf2+ 27. Rxf2
dxe5 28. Nd3 f6 29. Qc2 Qd7 30. Nxc5 Nxc5 31. Qxc5 Rxb3 32. Qxa5 Rd3 $11 {
Tella,J-Salmensuu,O/Myyrmanni/1999/}) 13... Nxb6 14. Nf5 Nfxd5 15. Qg4 Bf6 16.
Bh6 Bc8 17. Nxd5 Nxd5 18. Bxg7 Bxf5 19. Qxf5 Bxg7 20. Qxd5 Bxb2 21. Rae1 Qf6
22. Re4 Kh8 23. Re3 $44 {1/2,Rogozenko,D-Milu,R/Bucharest/1999/}) (10. Nf3 Be7
11. Bc4 O-O 12. O-O Nfd7 $5 13. Bf4 Nxb6 14. b3 Na6 15. Ra2 Nb4 16. Re2 Ba6 17.
Nd2 Nd3 18. Bg3 Nb2 19. Qe1 N2xc4 20. Nxc4 Bf6 21. Nb5 Bxb5 22. axb5 Nxc4 23.
bxc4 a4 $36 {Kachur,A-Salmensuu,O/Polanica Zdroj op/1999/}) 10... Be7 11. Ng3
O-O 12. Be2 (12. Nf5 $5 Nbd7 13. Qf3 $14) 12... Na6 $2 {This loses time.} (
12... Nbd7 $142 $5 $13 {/\} 13. Nf5 Nxb6 {[%csl Rd5] immediately attacks ><d5})
13. O-O Nb4 14. Nf5 Nd7 (14... Nbxd5 15. Bf3 (15. Re1 $5) 15... Nxc3 16. bxc3
Rb8 17. Re1 Re8 18. Bxb7 Rxb7 19. Bg5 $16 {/\} (19. Rb1 $5 $36) 19... Rxb6 20.
Rxe7 Rxe7 21. Bxf6 gxf6 22. Qg4+ Kf8 23. Qg7+ Ke8 24. Nxe7 Qxe7 25. Qxh7 $36 {
[%csl Re8,Gh2] עe8,o^h}) 15. Bb5 Nxb6 $8 16. Bh6 $3 {This bolt out of the
blue gives White a strong attack.} gxh6 $8 (16... Bf6 17. Bxg7 $1 {overloads
Black's Q after} Bxg7 18. Qg4 Qf6 19. Ne4 Qxb2 20. Rab1 Qe5 21. f4 h5 22. Qg5
$18) 17. Qg4+ Bg5 18. f4 {[%cal Rf5h6] /\Nh6} h5 (18... Kh8 $5 19. fxg5 hxg5 (
19... Qxg5 20. Qxg5 hxg5 21. Nxd6 Bxd5 22. Nxd5 N6xd5 23. Nxf7+ $16) 20. Qh5
$40) 19. Qg3 $1 (19. Qxg5+ Qxg5 20. fxg5 $14 {/+/- gives White a very pleasant
endgame, but he strives for more.}) 19... h4 (19... N4xd5 20. fxg5 $16 {->})
20. Qg4 h5 21. Qxh5 $1 {[%mdl 512] White is still not interested in the
advantageous _|_ and sacrifices a piece for his ->.} Bf6 22. Ne4 Bc8 (22...
Bxd5 23. Ng5 $1 Bxg5 (23... Re8 24. Qh7+ Kf8 25. Qh6+ Kg8 26. Bxe8 $18) 24.
fxg5 Qc7 (24... Be6 25. g6 $18) 25. Rf4 $1 $18) 23. Qg4+ Kh8 24. Ra3 $1 N6xd5
25. Rh3 {[%cal Rh3h4] /\Rh4,Qg7#} Bxf5 $8 26. Qxf5 Ra7 (26... Bd4+ 27. Kh1 Qe7
28. Ng5 f6 (28... Nf6 29. Rxh4+ Kg7 30. Rh7+ Kg8 31. Qh3 Nfd5 32. Rh8+ $1 Bxh8
33. Qh7#) 29. Rxh4+ Kg8 30. Ne6 Rf7 31. Rf3 Rh7 32. Rg3+ Kh8 33. Rgh3 $18) 27.
Bc4 $1 $18 Ne3 (27... Bd4+ 28. Kh1 {/\Ng5,Bd5} Rg8 $5 (28... Ne3 29. Rxe3 Bxe3
30. Nf6 $18) 29. Bxd5 Nxd5 30. Qxd5 $18) 28. Rxe3 Bd4 29. Kh1 d5 30. Ng5 f6 (
30... Kg7 31. Qh7+ Kf6 32. Re6+ $1 fxe6 33. Qh6+ $18) 31. Ne6 (31. Ne6 Qe7 (
31... Qd6 32. Rh3 $18) 32. Rh3 Qh7 33. Qxh7+ Rxh7 34. Nxf8 Rf7 35. Ng6+ Kg7 36.
Nxh4 dxc4 37. Nf5+ $18) 1-0